000 00216 a2200097 4500
001 26408
100 _a
245 _aOsha and accident control through training
260 _a
_bEdward arnold
_c
090 _c17745
_d17745
942 _aNUST-CAE
_c
_c8608
999 _c261481
_d261481